Tele agresión /

Պահպանված է:
Մատենագիտական մանրամասներ
Ձևաչափ: Անհայտ
Լեզու:Spanish
Հրապարակվել է: Habana, Cuba: Editorial José Martí, 1989-
Խորագրեր:
Ցուցիչներ: Ավելացրեք ցուցիչ
Չկան պիտակներ, Եղեք առաջինը, ով նշում է այս գրառումը!

MARC

LEADER 000000000a22000000004500
001 001219
008 170627s1992 enka|||| |||| 00| 0 spa d
041 0 |a español 
082 |a 384.55  |b T968t 
245 1 0 |a Tele agresión /  |c John Hartley 
260 |a Habana, Cuba:   |b Editorial José Martí,   |c 1989- 
300 |a 46 páginas :   |b  ilustraciones 
500 |a Número de inscripción 7030 volumen 2 (Colección George Yúdice) 
650 4 |a RADIODIFUSION - CUBA 
650 4 |a TELEVISION - PROPAGANDA 
650 4 |a RADIO MARTI PROGRAM (EEUU) 
942 |2 ddc  |c BK 
999 |c 2302  |d 2302